Las doctrinas educativas y políticas de Martí / (Registro nro. 23014)

Detalles MARC
000 -LEADER
fixed length control field 00655nam a22001937a 4500
003 - CONTROL NUMBER IDENTIFIER
control field DO-CoUTE
005 - DATE AND TIME OF LATEST TRANSACTION
control field 20230901143423.0
008 - FIXED-LENGTH DATA ELEMENTS--GENERAL INFORMATION
fixed length control field 230901b dr ||||| |||| 00| 0 spa d
020 ## - INTERNATIONAL STANDARD BOOK NUMBER
International Standard Book Number 0-8477-2497-2
040 ## - CATALOGING SOURCE
Original cataloging agency DO-CoUTE
Language of cataloging spa
Transcribing agency DO-CoUTE
100 1# - MAIN ENTRY--PERSONAL NAME
Personal name Agramonte, Roberto Daniel
Relator term autor
245 10 - TITLE STATEMENT
Title Las doctrinas educativas y políticas de Martí /
Statement of responsibility, etc. Roberto Daniel Agramonte
250 ## - EDITION STATEMENT
Edition statement Primera edición
260 ## - PUBLICATION, DISTRIBUTION, ETC.
Place of publication, distribution, etc. Estados unidos :
Name of publisher, distributor, etc. Editorial de la Universidad de Puerto Rico,
Date of publication, distribution, etc. 1991
300 ## - PHYSICAL DESCRIPTION
Extent 662 páginas :
Dimensions 16x24cm
504 ## - BIBLIOGRAPHY, ETC. NOTE
Bibliography, etc. note Incluye referencia bibliográfica e índice
650 #4 - SUBJECT ADDED ENTRY--TOPICAL TERM
Topical term or geographic name entry element Administración educativa
942 ## - ADDED ENTRY ELEMENTS (KOHA)
Source of classification or shelving scheme Dewey Decimal Classification
Koha item type Libros
Existencias
Withdrawn status Lost status Source of classification or shelving scheme Damaged status Not for loan Collection code Home library Current library Shelving location Date acquired Inventory number Full call number Barcode Date last seen Copy number Price effective from Koha item type
    Dewey Decimal Classification     Colección Nolberto Luis Soto Biblioteca UTECO Biblioteca UTECO En Estantería 09/04/2023 022794 370.11 AG277L (CNS) 022794 09/04/2023 Ej.1 09/04/2023 Libros
© 2021 Derechos Reservados UTECO - Teléfono: +1 809-585-2291 - Correo electrónico: biblioteca@uteco.edu.do​  
Código postal 43000 ​​
Dirección: Avenida Universitaria No. 100, 
Cotuí, Provincia Sánchez Ramírez, República Dominicana - RNC: 404-00059-6